000 00457nam a2200181Ia 4500
005 20240913125918.0
008 240913s9999||||xx |||||||||||||| ||und||
041 _aENGLISH
082 _A616.13 Q1
100 _aAlonso,Alvaro
245 0 _aPeripheral Vascular Disease
250 _a1st
260 _c2011
_bJones & Bartlett Lea
500 _aREFERENCE
650 _aRenal Dialysis Technology
_bAllied Health Science
942 _cREF
999 _c246537
_d246537